A Textbook of forensic Nursing & Indian Laws (Record no. 357671)
[ view plain ]
| 000 -LEADER | |
|---|---|
| fixed length control field | 00561nam a22001937a 4500 |
| 005 - DATE AND TIME OF LATEST TRANSACTION | |
| control field | 20240524170444.0 |
| 008 - FIXED-LENGTH DATA ELEMENTS--GENERAL INFORMATION | |
| fixed length control field | 240402b |||||||| |||| 00| 0 eng d |
| 020 ## - INTERNATIONAL STANDARD BOOK NUMBER | |
| International Standard Book Number | 9781543347456 |
| 041 ## - LANGUAGE CODE | |
| Language code of text/sound track or separate title | eng |
| 082 ## - DEWEY DECIMAL CLASSIFICATION NUMBER | |
| Classification number | 610.7368 /ABO |
| 100 ## - MAIN ENTRY--PERSONAL NAME | |
| Author | Abothu pradeep |
| 245 ## - TITLE STATEMENT | |
| Title | A Textbook of forensic Nursing & Indian Laws |
| Remainder of title | for BSc Nursing Students Semister-V |
| 250 ## - EDITION STATEMENT | |
| Edition statement | 2023 |
| 260 ## - PUBLICATION, DISTRIBUTION, ETC. | |
| Place of publication, distribution, etc. | Jalandhar |
| Name of publisher, distributor, etc. | S.Vikas & Company ( Medical publishers) |
| Date of publication, distribution, etc. | 2023 |
| 300 ## - PHYSICAL DESCRIPTION | |
| Extent | 151 p. |
| 365 ## - TRADE PRICE | |
| Price type code | Rs |
| Price amount | 255 |
| Currency code | Rs. |
| 650 ## - SUBJECT ADDED ENTRY--TOPICAL TERM | |
| Topical term or geographic name entry element | Fundamental of Nursing |
| 942 ## - ADDED ENTRY ELEMENTS (KOHA) | |
| Koha item type | Donated Book |
| Withdrawn status | Lost status | Source of classification or shelving scheme | Damaged status | Not for loan | Home library | Current library | Date acquired | Vendor | Net Price | Bill number | Total Checkouts | Total Renewals | Full call number | Barcode | Date due | Date last seen | Date last checked out | Actual Price | Bill Date | Koha item type | Original Barcode |
|---|---|---|---|---|---|---|---|---|---|---|---|---|---|---|---|---|---|---|---|---|---|
| Dewey Decimal Classification | Sitabai Nargundkar College of Nursing Nagpur | Sitabai Nargundkar College of Nursing Nagpur | 24/05/2024 | Donated by Ms. Kajal Motghare, Nagpur | 255.00 | IK#2024-25#00024 | 1 | 1 | 614.1 /ABO | SNCN-DB-204 | 24/10/2024 | 17/08/2024 | 17/08/2024 | 255.00 | 22/05/2024 | Donated Book | DB-204 |